000 00612nam a2200217Ia 4500
003 OSt
005 20241004075154.0
008 240925s9999 xx 000 0 und d
020 _a9788120335493
040 _csa
082 _a005.44769 RUS
100 _aRussel, Charlie ; Crawford, Sharon
245 0 _aWindows ServerĀ® 2008: administrator's companion
250 _aNA
260 _aNew Delhi:
_bPearson Printice Hall
_c,2008.
300 _a419p.
_bN.A
_fOriginal
500 _aIncludes Index
600 _aComputer Science
650 _aComputer science, information & general works
942 _cBK
_2ddc
999 _c10500
_d10500